Heat and mass transfer in recirculating flows /

Guardado en:
Otros Autores: Gosman, A. D.
Formato: Libro
Idioma:English
Publicado: London : Academic Press, 1969.
Materias:
Etiquetas: Agregar Etiqueta
Sin Etiquetas, Sea el primero en etiquetar este registro!
LEADER 00674nam a22002175a 4500
001 EIQ.libpla000482
008 691125s1969####enka#####b####001#0#eng#d
005 20080528182752.0
245 0 0 |a Heat and mass transfer in recirculating flows /  |c by A. D. Gosman ... [et al.] 
260 |a London :  |b Academic Press,  |c 1969. 
300 |a xii, 338 p. :  |b il. ;  |c 26 cm. 
500 |a Incluye índices. 
504 |a Bibliografía: p. 324-326. 
020 |a 0122919505 
700 1 |a Gosman, A. D. 
082 0 0 |a 532/.5 
650 4 |a Calor  |x Transferencia 
650 0 |a Heat  |x Transfer. 
010 |a  78091302  
040 |a DLC  |c DLC  |d AR-BbSID 
859 |a AR-BbSID  |b BIB. PLAPIQUI  |h 536.2  |i G 69  |p 1015